000
00231 a2200109 4500
020
_a
9788493588373
041
_a
spa
100
_a
Ballaterra Musica
245
_a
Pablo Casals El coleccionista de pipa
942
_c
BK
952
_7
1
999
_c
23222
_d
23222